Batgirl : (Record no. 358188)
[ view plain ]
| 000 -LEADER | |
|---|---|
| fixed length control field | 01460cam a2200397 i 4500 |
| 001 - CONTROL NUMBER | |
| control field | 1137753657 |
| 003 - CONTROL NUMBER IDENTIFIER | |
| control field | OCoLC |
| 005 - DATE AND TIME OF LATEST TRANSACTION | |
| control field | 20210201172353.0 |
| 008 - FIXED-LENGTH DATA ELEMENTS--GENERAL INFORMATION | |
| fixed length control field | 200131t20202020mnua j 000 1 eng d |
| 020 ## - INTERNATIONAL STANDARD BOOK NUMBER | |
| International Standard Book Number | 1515878023 |
| Qualifying information | paperback |
| 020 ## - INTERNATIONAL STANDARD BOOK NUMBER | |
| International Standard Book Number | 9781515878025 |
| Qualifying information | paperback |
| 020 ## - INTERNATIONAL STANDARD BOOK NUMBER | |
| International Standard Book Number | 1515878066 |
| Qualifying information | paperback |
| 020 ## - INTERNATIONAL STANDARD BOOK NUMBER | |
| International Standard Book Number | 9781515878063 |
| Qualifying information | paperback |
| 035 ## - SYSTEM CONTROL NUMBER | |
| System control number | (OCoLC)1137753657 |
| Canceled/invalid control number | (OCoLC)1137737151 |
| 040 ## - CATALOGING SOURCE | |
| Original cataloging agency | YDX |
| Language of cataloging | eng |
| Description conventions | rda |
| Transcribing agency | YDX |
| Modifying agency | BDX |
| -- | OCLCQ |
| -- | SINLB |
| -- | OCLCF |
| -- | OCLCQ |
| 092 ## - LOCALLY ASSIGNED DEWEY CALL NUMBER (OCLC) | |
| Classification number | E Sutton |
| 100 1# - MAIN ENTRY--PERSONAL NAME | |
| Personal name | Sutton, Laurie S., |
| Relator term | author. |
| 9 (RLIN) | 5680238 |
| 245 10 - TITLE STATEMENT | |
| Title | Batgirl : |
| Remainder of title | an origin story / |
| Statement of responsibility, etc | written by Laurie S. Sutton ; illustrated by Dario Brizuela. |
| 264 #1 - Production, Publication, Distribution, Manufacture, and Copyright Notice. | |
| Place of production, publication, distribution, manufacture | North Mankato, Minnesota : |
| Name of producer, publisher, distributor, manufacturer | Stone Arch Books, a Capstone imprint, |
| Date of production, publication, distribution, manufacture, or copyr | [2020] |
| 264 #4 - Production, Publication, Distribution, Manufacture, and Copyright Notice. | |
| Date of production, publication, distribution, manufacture, or copyr | ©2020. |
| 300 ## - PHYSICAL DESCRIPTION | |
| Extent | 41 pages : |
| Other physical details | color illustrations ; |
| Dimensions | 28 cm. |
| 336 ## - Content Type | |
| Content type term | text |
| 336 ## - Content Type | |
| Content type term | still image |
| 337 ## - Media type | |
| Media type term | unmediated |
| 338 ## - Carrier type | |
| Carrier type term | volume |
| 490 1# - SERIES STATEMENT | |
| Series statement | DC super heroes origins. |
| 600 00 - SUBJECT ADDED ENTRY--PERSONAL NAME | |
| Personal name | Batgirl |
| Titles and other words associated with a name | (Fictitious character) |
| Form subdivision | Juvenile fiction. |
| 9 (RLIN) | 5726098 |
| 650 #0 - SUBJECT ADDED ENTRY--TOPICAL TERM | |
| Topical term or geographic name as entry element | Superheroes |
| Form subdivision | Juvenile fiction. |
| 9 (RLIN) | 6402475 |
| 655 #7 - INDEX TERM--GENRE/FORM | |
| Genre/form data or focus term | Fiction. |
| Source of term | fast |
| 9 (RLIN) | 5673940 |
| 655 #7 - INDEX TERM--GENRE/FORM | |
| Genre/form data or focus term | Juvenile works. |
| Source of term | fast |
| 9 (RLIN) | 5673941 |
| 655 #7 - INDEX TERM--GENRE/FORM | |
| Genre/form data or focus term | Fiction. |
| Source of term | lcgft |
| 9 (RLIN) | 5673940 |
| 700 1# - ADDED ENTRY--PERSONAL NAME | |
| Personal name | Brizuela, Dario, |
| Relator term | illustrator. |
| 9 (RLIN) | 5859562 |
| 830 #0 - SERIES ADDED ENTRY--UNIFORM TITLE | |
| Uniform title | DC Comics super heroes (Stone Arch Books) |
| 9 (RLIN) | 5681911 |
| 907 ## - LOCAL DATA ELEMENT G, LDG (RLIN) | |
| a | .b442186927 |
| 942 ## - ADDED ENTRY ELEMENTS (KOHA) | |
| Source of classification or shelving scheme | Dewey Decimal Classification |
| Koha item type | BOOK |
| Withdrawn status | Lost status | Source of classification or shelving scheme | Damaged status | Not for loan | Collection code | Home library | Current library | Shelving location | Date acquired | Source of acquisition | Total Checkouts | Total Renewals | Full call number | Barcode | Checked out | Date last seen | Date checked out | Cost, replacement price | Price effective from | Koha item type |
|---|---|---|---|---|---|---|---|---|---|---|---|---|---|---|---|---|---|---|---|---|
| Dewey Decimal Classification | Children Picture Books | Wasatch County Library | Wasatch County Library | Main Floor Childrens Area | 02/01/2021 | Rainbow Books | 32 | 20 | E Superheroes | 34301001709148 | 04/17/2026 | 03/09/2026 | 03/09/2026 | 17.99 | 02/01/2021 | BOOK |
